| 000 | 00344nam a2200133Ia 4500 | ||
|---|---|---|---|
| 008 | 230817s1967 xx 000 0 und d | ||
| 041 | _aeng | ||
| 082 | _a348048/CHA | ||
| 100 | _aChaitely DV | ||
| 245 | _aAll India Reporter -1967 Mysore,Orisa,Patana | ||
| 260 |
_aNagpur _bThe All India Reporter _c1967 |
||
| 300 | _a484p | ||
| 650 | _aREPORTS | ||
| 999 |
_c843718 _d843718 |
||